| 000 | 01245cam a2200325 a 4500 | ||
|---|---|---|---|
| 001 | 206671 | ||
| 003 | NUST-PNEC | ||
| 005 | 20170116180742.0 | ||
| 008 | 990713s1999 enk b 001 0 eng | ||
| 010 | _a 99071431 | ||
| 020 | _a0761963146 | ||
| 020 | _a0761963154 | ||
| 040 |
_aDLC _cPNEC _dDLC |
||
| 050 | 0 | 0 |
_aBF637.C6 _bD35 1999 |
| 082 | 0 | 0 |
_a158.3 ARD _221 |
| 100 | 1 |
_aArdenne, Patricia d' _91146 |
|
| 245 | 1 | 0 |
_aTranscultural counselling in action / _cPatricia d'Ardenne and Aruna Mahtani. |
| 250 | _a2nd ed. | ||
| 260 |
_aLondon ; _aThousand Oaks, Calif. : _bSAGE Publications, _c1999. |
||
| 300 |
_axv, 142 p. ; _c23 cm. |
||
| 440 | 0 | _aCounselling in action | |
| 504 | _aIncludes bibliographical references (p. 128-136) and index. | ||
| 650 | 0 | _aCounseling. | |
| 650 | 0 |
_aPsychotherapy. _xGeneral |
|
| 700 | 1 | _aMahtani, Aruna. | |
| 856 | 4 | 2 | _uhttp://www.amazon.com/Transcultural-Counselling-Action/dp/0761963154/ref=sr_1_1?s=books&ie=UTF8&qid=1419394564&sr=1-1&keywords=0761963154 |
| 906 |
_a7 _bcbc _corignew _d2 _eopcn _f19 _gy-gencatlg |
||
| 942 |
_2ddc _cBK |
||
| 999 |
_c62219 _d62219 |
||